[Event "Nantes op 7th"]
[Site "Nantes"]
[Date "2008.??.??"]
[Round "3"]
[White "Kolisso, Bernardin"]
[Black "Rihouay, Clement"]
[Result "0-1"]
[WhiteElo "1380"]
[BlackElo "2196"]
[PlyCount "72"]
[EventDate "2008.12.26"]
[EventType "swiss"]
[EventRounds "9"]
[EventCountry "FRA"]
[SourceTitle "CBM 128 Extra"]
[Source "ChessBase"]
[SourceDate "2009.03.05"]
[SourceVersion "2"]
[SourceVersionDate "2009.03.25"]
[SourceQuality "1"]

1. b4 e5 2. Bb2 Bxb4 3. Bxe5 Nf6 4. c3 Be7 5. h3 0-0 6. Nf3 d5 7. e3 c5 8. a4 Nc6 9. d4 Nxe5 10. dxe5 Ne4 11. Be2 Be6 12. 0-0 Qa5 13. Qc2 Bf5 14. Qb2 Rab8 15. Qb5 Qc7 16. g4 Be6 17. Qb2 h5 18. Na3 hxg4 19. Nb5 Qa5 20. Nd2 Nxd2 21. Qxd2 gxh3 22. f4 a6 23. Nd6 Bxd6 24. exd6 Rbd8 25. f5 Bc8 26. Bg4 Rxd6 27. Bxh3 d4 28. e4 Qxc3 29. Qg2 d3 30. f6 Rxf6 31. Rxf6 Qxa1+ 32. Rf1 Qd4+ 33. Kh1 Bxh3 34. Qxh3 Qxe4+ 35. Kg1 c4 36. Qg3 Qg6 0-1

[Event "Rohde op 07th"]
[Site "Sautron"]
[Date "2007.11.02"]
[Round "8"]
[White "Kolisso, Bernardin"]
[Black "Maisonneuve, Lionel"]
[Result "1-0"]
[WhiteElo "1450"]
[BlackElo "1694"]
[PlyCount "31"]
[EventDate "2007.10.27"]
[EventType "swiss"]
[EventRounds "9"]
[EventCountry "FRA"]
[SourceTitle "EXT 2008"]
[Source "ChessBase"]
[SourceDate "2007.11.25"]
[SourceVersion "1"]
[SourceVersionDate "2007.11.25"]
[SourceQuality "1"]

1. b4 e5 2. Bb2 Nc6 3. b5 Nd4 4. e3 Nxb5 5. Bxb5 Qg5 6. Bf1 e4 7. Nh3 Qg6 8. Nc3 Nf6 9. Nf4 Qg5 10. Nb5 Qc5 11. Bd4 Qc6 12. Bxf6 gxf6 13. c4 Bg7 14. Nd5 0-0 15. Nbxc7 Rb8 16. Ne7+ 1-0